00922cam a22002774a 450000100090000000300040000900500170001300800410003001000170007102000220008802000180011004000180012804200080014605000210015408200170017510000290019224500480022126000340026930000350030350400540033865000400039265000200043294200400045295201350049299900170062712962458OSt20231121131633.0021009s2003 njua b 001 0 eng  a 2002038177 a0131008250 (pbk.) a9789332549418 aDLCcDLCdDLC apcc00aQH506b.B47 200300a572.8bBER/B1 aBergeron, Bryan P.9990610aBioinformatics computing /cBryan Bergeron. aNew Delhi :bPearson,cc2015. axxii, 439 p. :bill. ;c24 cm. aIncludes bibliographical references (p. 419-427). 0aMolecular biologyxData processing. 0aBioinformatics. 2ddccBKh572.8iBER/Bk572.8mBER/B 00102ddc40708BIOLOGYaMESbMEScBOTANYd2023-11-21l0o572.8 BER/Bp43582r2023-11-21 13:17:11v748.00w2023-11-21yBKzGL18R1 c43678d43678